=LDR 00000nam 2200000 4500 =001 NUTBA000000000003264 =005 20221109071232 =035 ##$$a 0010-081400000000108 =008 221109################g##########0#ind## =020 ##$$a 978-979-756-017-1 =040 ##$$a NBPDMAT =082 ##$$a 372.3 =090 ##$$a 372.3 $b Ala a =100 ##$$a Alanna Faradiana =245 1#$$a Ayo mengukur tinggi /$c Alanna Faradiana, Budi Ferdiana =260 ##$$a Surabaya :$b Graha Ilmu Mulia,$c 2011 =300 ##$$a iv, 52 hlm. : $b ilus. ; $c 25 cm. =650 #4$$a Pendidikan dasar-sains =084 ##$$a 372.3 ALA a =990 ##$$a 21404127 =990 ##$$a 21404128 =990 ##$$a 21404129 =990 ##$$a 21404130 =990 ##$$a 21404131 =990 ##$$a 21404131 =990 ##$$a 21404127 =990 ##$$a 21404128 =990 ##$$a 21404129 =990 ##$$a 21404130 =990 ##$$a 21404130 =990 ##$$a 21404127 =990 ##$$a 21404128 =990 ##$$a 21404129 =990 ##$$a 21404131 =990 ##$$a 21404129 =990 ##$$a 21404127 =990 ##$$a 21404128 =990 ##$$a 21404130 =990 ##$$a 21404131 =990 ##$$a 21404128 =990 ##$$a 21404127 =990 ##$$a 21404129 =990 ##$$a 21404130 =990 ##$$a 21404131 =990 ##$$a 21404127 =990 ##$$a 21404128 =990 ##$$a 21404129 =990 ##$$a 21404130 =990 ##$$a 21404131